00560nam a2200169 a 450000100100000000500170001000800410002702000150006804000250008310000330010824500390014126000580018030000200023804900090025895201060026799900170037300003436720200930073648.0111003s1988 ag 000 0 spa d a9509910793 aDO-SdBNPbspacBNPHU1 aFasciolo, Guillermina91350110aInstantes /cGuillermina Fasciolo. aBuenos Aires, Argentina :bEdiciones Tu Llave,c1988. a82 p. ;c21 cm. aBNPD 0010507-18MOaGRbGRcOId2011-10-03iLF1l0o p34367-10r2020-06-25w2020-06-25y1ZNo se presta c33858d33858